Hard x-ray and gamma-ray detector physics and applications (Record no. 13817)

MARC details
000 -LEADER
fixed length control field 00850nam a2200205Ia 4500
003 - CONTROL NUMBER IDENTIFIER
control field IN-BaIIA
008 - FIXED-LENGTH DATA ELEMENTS--GENERAL INFORMATION
fixed length control field 211028s9999 xx 000 0 eng d
020 ## - INTERNATIONAL STANDARD BOOK NUMBER
International Standard Book Number 0-8194-2901-5
040 ## - CATALOGING SOURCE
Transcribing agency IIA Library
080 ## - UNIVERSAL DECIMAL CLASSIFICATION NUMBER
Universal Decimal Classification number 535(082.1)
Item number SPI-3446
100 ## - MAIN ENTRY--PERSONAL NAME
Personal name Doty, F. Patrick
9 (RLIN) 24252
245 #0 - TITLE STATEMENT
Title Hard x-ray and gamma-ray detector physics and applications
Remainder of title proceedings of SPIE conference on hard x-ray and gamma-ray detector physics and applications, held in San Diego, California, 22-23 July 1998
Statement of responsibility, etc. F. Patrick Doty and Richard B. Hoover
260 ## - PUBLICATION, DISTRIBUTION, ETC.
Place of publication, distribution, etc. Washington
Name of publisher, distributor, etc. The International Society for Optical Engineering
Date of publication, distribution, etc. 1998
300 ## - PHYSICAL DESCRIPTION
Extent viii, 268p.
490 ## - SERIES STATEMENT
Series statement SPIE proceedings series; vol. 3446
650 ## - SUBJECT ADDED ENTRY--TOPICAL TERM
Topical term or geographic name entry element Spectroscopy
9 (RLIN) 1535
650 ## - SUBJECT ADDED ENTRY--TOPICAL TERM
Topical term or geographic name entry element X-Rays
9 (RLIN) 1886
700 ## - ADDED ENTRY--PERSONAL NAME
Personal name Hoover, Richard B.,
9 (RLIN) 24253
942 ## - ADDED ENTRY ELEMENTS (KOHA)
Koha item type Books
Holdings
Withdrawn status Lost status Damaged status Not for loan Home library Current library Shelving location Date acquired Source of acquisition Cost, normal purchase price Total Checkouts Full call number Barcode Date last seen Cost, replacement price Price effective from Koha item type Purchase Price
        IIA Library-Bangalore IIA Library-Bangalore General Stacks 22/11/2000 SPIE 69.00   535(082.1)/ SPI-3446 14736 05/11/2021 69.00 22/11/2000 Books Rs. 69.00

Powered by Koha